000 nam a22 7a 4500
999 _c127676
_d127676
008 180315b xxu||||| |||| 00| 0 eng d
020 _a9781406700961
050 _aB818
_b.M6 1923
100 _aMorgan, Lloyd Conwy
_940714
245 _aEmergent evolution:
_bthe Gifford lectures
_c/ by Lloyd Morgan
260 _aSt. Andrews:
_bUniversity of St. Andrews,
_c1923
300 _axii, 313p. ;
_c22cm.
650 _aEvolution
_916208
942 _2lcc
_cMONOGRAPH